LEADER 01649nam 2200469Ia 450 001 9910703073803321 005 20230902161638.0 035 $a(CKB)4330000001241006 035 $a(OCoLC)705403624 035 $a(OCoLC)758390050 035 $a(EXLCZ)994330000001241006 100 $a20110304d2010 ua 0 101 0 $aeng 135 $aurmn||||||||| 181 $ctxt$2rdacontent 182 $cc$2rdamedia 183 $acr$2rdacarrier 200 10$aMicrostructural characterization of metal foams$b[electronic resource] $ean examination of the applicability of the theoretical models for modeling foams /$fS.V. Raj 210 1$aCleveland, Ohio :$cNational Aeronautics and Space Administration, Glenn Research Center,$d[2010] 215 $a1 online resource (11 pages) $cillustrations 225 1 $aNASA/TM ;$v2010-216342 300 $aTitle from title screen (viewed on March 4, 2011). 300 $a"June 2010." 320 $aIncludes bibliographical references (pages 10-11) 410 0$aNASA technical memorandum ;$v216342. 517 $aMicrostructural Characterization of Metal Foams 606 $aFoams$2nasat 606 $aAcoustic properties$2nasat 606 $aMicrostructure$2nasat 606 $aMathematical models$2nasat 615 7$aFoams. 615 7$aAcoustic properties. 615 7$aMicrostructure. 615 7$aMathematical models. 700 $aRaj$b Sai V$01389589 712 02$aNASA Glenn Research Center. 801 0$bGPO 801 1$bGPO 906 $aBOOK 912 $a9910703073803321 996 $aMicrostructural characterization of metal foams$93534030 997 $aUNINA LEADER 02746nam 22006133 450 001 9910795376503321 005 20230629225917.0 010 $a1-911193-54-6 035 $a(CKB)4940000000618581 035 $a(MiAaPQ)EBC6797337 035 $a(Au-PeEL)EBL6797337 035 $a(EXLCZ)994940000000618581 100 $a20211214d2021 uy 0 101 0 $aeng 135 $aurcnu|||||||| 181 $ctxt$2rdacontent 182 $cc$2rdamedia 183 $acr$2rdacarrier 200 14$aThe Roots of Amerta Movement $eAn Introduction to the Movement Improvisation of Suprapto Suryodarmo 210 1$aAxminster :$cTriarchy Press,$d2021. 210 4$dİ2021. 215 $a1 online resource (241 pages) 311 $a1-911193-53-8 327 $aIntro -- Contents -- List of Illustrations -- Personal names -- Abbreviations -- Foreword -- Preface -- PART I: The Movement -- Chapter 1 - Introduction to Amerta Movement -- Chapter 2 - Prapto in Java -- Chapter 3 - Fundamentals -- Chapter 4 - The Movement Practice -- PART II: The Pribadi Art courses -- Chapter 5 - Basic -- Chapter 6 - Vocabulary 1: The Hill and Sukuh -- Chapter 7 - Vocabulary 2: Borobudur, Parangtritis and Crystallisation -- Chapter 8. - Communication -- PART III: Messenger Art -- Chapter 9. - Messenger Art -- Conclusion -- Epilogue -- Glossary -- Bibliography -- Index. 330 $aCovering the early years of Javanese movement artist Prapto's teaching (1986-1997), this is a record of that period of his work. 517 $aRoots of Amerta Movement 606 $aImprovisation in dance$zIndonesia$zJava 606 $aMovement therapy$zIndonesia$zJava 606 $aDance$xAnthropological aspects$zIndonesia$zJava 606 $aImprovisation (Danse)$zIndone?sie$zJava 606 $aThe?rapie par le mouvement$zIndone?sie$zJava 606 $aDanse$xAspect anthropologique$zIndone?sie$zJava 606 $aDance$xAnthropological aspects$2fast$3(OCoLC)fst00887405 606 $aImprovisation in dance$2fast$3(OCoLC)fst00968315 606 $aMovement therapy$2fast$3(OCoLC)fst01028519 607 $aIndonesia$zJava$2fast 615 0$aImprovisation in dance 615 0$aMovement therapy 615 0$aDance$xAnthropological aspects 615 6$aImprovisation (Danse) 615 6$aThe?rapie par le mouvement 615 6$aDanse$xAspect anthropologique 615 7$aDance$xAnthropological aspects. 615 7$aImprovisation in dance. 615 7$aMovement therapy. 676 $a792.8 700 $aLavelle$b Lise$01559260 801 0$bMiAaPQ 801 1$bMiAaPQ 801 2$bMiAaPQ 906 $aBOOK 912 $a9910795376503321 996 $aThe Roots of Amerta Movement$93824224 997 $aUNINA